В час роковой, когда встретил тебя (Запись № 13550533)
[ простой вид ]
| 000 -МАРКЕР | |
|---|---|
| контрольное поле | 03109njm0a2200541 4500 |
| 001 - ИДЕНТИФИКАТОР ЗАПИСИ | |
| контрольное поле | RU\NLR\ONIZ\304730 |
| 005 - ИДЕНТИФИКАТОР ВЕРСИИ | |
| контрольное поле | 20260304114401.0 |
| 035 ## - ДРУГИЕ СИСТЕМНЫЕ НОМЕРА | |
| Идентификатор записи | (NLR Aleph) 022722369 |
| 071 00 - ИЗДАТЕЛЬСКИЙ НОМЕР | |
| Номер, присвоенный агентством | X-2-63112 |
| 071 00 - ИЗДАТЕЛЬСКИЙ НОМЕР | |
| Номер, присвоенный агентством | X-2-63113 |
| 071 00 - ИЗДАТЕЛЬСКИЙ НОМЕР | |
| Номер, присвоенный агентством | X 2-63112:O |
| 071 00 - ИЗДАТЕЛЬСКИЙ НОМЕР | |
| Номер, присвоенный агентством | X 2-63113:A |
| 071 10 - ИЗДАТЕЛЬСКИЙ НОМЕР | |
| Номер, присвоенный агентством | 16000b |
| 071 10 - ИЗДАТЕЛЬСКИЙ НОМЕР | |
| Номер, присвоенный агентством | 16003b |
| 100 ## - ДАННЫЕ ОБЩЕЙ ОБРАБОТКИ | |
| Данные общей обработки | 20240905d1911 u y0rusy50 ca |
| 102 ## - СТРАНА ПУБЛИКАЦИИ ИЛИ ПРОИЗВОДСТВА | |
| Страна публикации | Российская Федерация |
| 126 ## - ПОЛЕ КОДИРОВАННЫХ ДАННЫХ: ЗВУКОЗАПИСИ - ФИЗИЧЕСКИЕ ХАРАКТЕРИСТИКИ | |
| Кодированные данные звукозаписи (общие) | adaxdxu ux |
| Кодированные данные звукозаписи (уточнения) | xxx |
| 127 ## - ПОЛЕ КОДИРОВАННЫХ ДАННЫХ: ПРОДОЛЖИТЕЛЬНОСТЬ ЗВУКОЗАПИСЕЙ И НОТНЫХ ИЗДАНИЙ (МУЗЫКАЛЬНОЕ ИСПОЛНЕНИЕ) | |
| Продолжительность | 000500 |
| 145 0# - ПОЛЕ КОДИРОВАННЫХ ДАННЫХ: СРЕДСТВО ИСПОЛНЕНИЯ МУЗЫКАЛЬНОГО ПРОИЗВЕДЕНИЯ (УСТАРЕВШЕЕ) | |
| Тип средства исполнения | c |
| 200 1# - ЗАГЛАВИЕ И СВЕДЕНИЯ ОБ ОТВЕТСТВЕННОСТИ | |
| Основное заглавие | В час роковой, когда встретил тебя |
| Общее обозначение материала | Звукозапись |
| Сведения, относящиеся к заглавию | песня из пьесы гр. Л. Н. Толстого "Живой труп" |
| Первые сведения об ответственности | арр. Поливановой |
| 203 ## - ВИД СОДЕРЖАНИЯ И ТИП СРЕДСТВА | |
| Вид содержания | Музыка |
| Дополнительные сведения об издании | |
| Тип средства | аудио |
| 210 ## - ПУБЛИКАЦИЯ, РАСПРОСТРАНЕНИЕ И ДР. | |
| Место издания, распространения и т.д. | S. l. |
| Имя издателя, распространителя и т. д. | Zonophone record |
| Дата издания, распространения и т.д. | [1911] |
| Имя изготовителя | О-во Граммофонъ съ огр. отв. |
| Место изготовления | Рига |
| 215 ## - ФИЗИЧЕСКАЯ ХАРАКТЕРИСТИКА | |
| Специфическое обозначение материала и объем | 1 грп. (ок. 5 мин) : 78 об/мин, моно |
| Размеры | 25 см, в конв. |
| 300 ## - ОБЩИЕ ПРИМЕЧАНИЯ | |
| Текст примечания | Запись 13.10.1911 г., Санкт-Петербург |
| 300 ## - ОБЩИЕ ПРИМЕЧАНИЯ | |
| Текст примечания | Инженер записи Ф. Гайсберг |
| 300 ## - ОБЩИЕ ПРИМЕЧАНИЯ | |
| Текст примечания | Инж. и дата записи установл. по кат. А. Келли |
| 423 #0 - ИЗДАЕТСЯ В ОДНОЙ ОБЛОЖКЕ ВМЕСТЕ С ... | |
| Встроенное поле | 2001#$aШэл мэ версты$eцыганская песня из пьесы гр. Л. Н. Толстого "Живой труп"$f[к звукозаписи в целом:] исполняет: исп. цыг. быт. песен Н. В. Дулькевич, [меццо-сопрано] |
| -- | 210##$aS. l.$cZonophone record$gО-во Граммофонъ съ огр. отв.$eРига$d[1911] |
| -- | 6890#$aЩ943.2-043.32(28) |
| -- | 702#1$9z02790$aДулькевич$bН. В.$gНина Викторовна$f1891-1934$4590$4vms$7ca |
| -- | 790#1$9z02702$aDul'kevič$bN. V.$gNina Viktorovna$f1891-1934$4590$4vms$7ba |
| 604 ## - ИМЯ И ЗАГЛАВИЕ КАК ПРЕДМЕТ | |
| Связываемые данные | 700#1$aТолстой$bЛ. Н.$gЛев Николаевич$f1828-1910 |
| -- | 50010$aЖивой труп$lпьеса$jЗвукозапись |
| 606 1# - НАИМЕНОВАНИЕ ТЕМЫ КАК ПРЕДМЕТ | |
| Наименование темы | Цыганские романсы и песни |
| Тематический подзаголовок | Звукозапись |
| Географический подзаголовок | Россия |
| Хронологический подзаголовок | 20 в. нач. |
| Формальный подзаголовок | Звукозапись |
| Код системы | nlr_sh |
| 606 1# - НАИМЕНОВАНИЕ ТЕМЫ КАК ПРЕДМЕТ | |
| Наименование темы | Меццо-сопрано русские советские |
| Хронологический подзаголовок | 19-20 вв. |
| Формальный подзаголовок | Звукозапись |
| Код системы | nlr_sh |
| 686 0# - ИНДЕКСЫ ДРУГИХ КЛАССИФИКАЦИЙ | |
| Индекс | Щ943.2-043.32(28)я43 |
| 700 #1 - ИМЯ ЛИЦА - ПЕРВИЧНАЯ ОТВЕТСТВЕННОСТЬ | |
| Системный номер авторитетной/нормативной записи | z05790 |
| Начальный элемент ввода | Поливанова |
| Код отношения | Аранжировщик, Оркестровщик, Реализатор генерал-баса (редуцированной нотации) |
| Графика поля | Кириллица |
| 702 #1 - ИМЯ ЛИЦА - ВТОРИЧНАЯ ОТВЕТСТВЕННОСТЬ | |
| Системный номер авторитетной/нормативной записи | z07790 |
| Начальный элемент ввода | Дулькевич |
| Часть имени, кроме начального элемента ввода | Н. В. |
| Даты | 1891-1934 |
| Расширение инициалов личного имени | Нина Викторовна |
| Код отношения | Певец |
| Графика поля | Кириллица |
| 702 #1 - ИМЯ ЛИЦА - ВТОРИЧНАЯ ОТВЕТСТВЕННОСТЬ | |
| Системный номер авторитетной/нормативной записи | z08790 |
| Начальный элемент ввода | Гайсберг |
| Часть имени, кроме начального элемента ввода | Ф. |
| Дополнения к именам, кроме дат | инженер звукозаписи |
| Даты | 1873-1951 |
| Расширение инициалов личного имени | Фред |
| Код отношения | Инженер записи |
| Графика поля | Кириллица |
| 702 #1 - ИМЯ ЛИЦА - ВТОРИЧНАЯ ОТВЕТСТВЕННОСТЬ | |
| Системный номер авторитетной/нормативной записи | z09790 |
| Начальный элемент ввода | Келли |
| Часть имени, кроме начального элемента ввода | А. |
| Даты | 1928-2015 |
| Расширение инициалов личного имени | Алан |
| Код отношения | Исполнитель исследований |
| Графика поля | Кириллица |
| 790 #1 - ИМЯ ЛИЦА - АЛЬТЕРНАТИВНАЯ ФОРМА | |
| Системный номер авторитетной/нормативной записи | z05700 |
| Начальный элемент ввода | Polivanova |
| Код отношения | Аранжировщик, Оркестровщик, Реализатор генерал-баса (редуцированной нотации) |
| Графика поля | Латинская |
| 790 #1 - ИМЯ ЛИЦА - АЛЬТЕРНАТИВНАЯ ФОРМА | |
| Системный номер авторитетной/нормативной записи | z07702 |
| Начальный элемент ввода | Dul'kevič |
| Часть имени, кроме начального элемента ввода | N. V. |
| Даты | 1891-1934 |
| Расширение инициалов личного имени | Nina Viktorovna |
| Код отношения | Певец |
| Графика поля | Латинская |
| 790 #1 - ИМЯ ЛИЦА - АЛЬТЕРНАТИВНАЯ ФОРМА | |
| Системный номер авторитетной/нормативной записи | z08702 |
| Начальный элемент ввода | Gaisberg |
| Часть имени, кроме начального элемента ввода | F. |
| Дополнения к именам, кроме дат | recording engineer |
| Даты | 1873-1951 |
| Расширение инициалов личного имени | Fred |
| Код отношения | Инженер записи |
| Графика поля | Латинская |
| 790 #1 - ИМЯ ЛИЦА - АЛЬТЕРНАТИВНАЯ ФОРМА | |
| Системный номер авторитетной/нормативной записи | z09702 |
| Начальный элемент ввода | Kelly |
| Часть имени, кроме начального элемента ввода | A. |
| Даты | 1928-2015 |
| Расширение инициалов личного имени | Alan |
| Код отношения | Исполнитель исследований |
| Графика поля | Кириллица |
| 801 #0 - ИСТОЧНИК ЗАПИСИ | |
| Страна | Российская Федерация |
| Организация | NLR |
| Дата составления | 20240905 |
| Правила каталогизации | PSBO |
| 801 #1 - ИСТОЧНИК ЗАПИСИ | |
| Страна | Российская Федерация |
| Организация | NLR |
| Дата составления | 20240905 |
| Источник данных | rusmarc |
| 801 #2 - ИСТОЧНИК ЗАПИСИ | |
| Страна | Российская Федерация |
| Организация | NLR |
| Дата составления | 20260123 |
| 852 ## - МЕСТОНАХОЖДЕНИЕ И ШИФР ХРАНЕНИЯ | |
| Идентификатор организации | NLR |
| Шифр хранения (Call Number) | Мг 2к/429 |
| Идентификатор единицы | 1063 |
| Номер экземпляра | 1 |
| 942 ## - ДОПОЛНИТЕЛЬНЫЕ ЭЛЕМЕНТЫ ЗАПИСИ (АБИС) | |
| Тип экземпляра АБИС | Звукозапись |
| 980 ## - КОЛЛЕКЦИЯ | |
| Название коллекции | Отдел нот и звукозаписей |
| 980 ## - КОЛЛЕКЦИЯ | |
| Название коллекции | Национальная библиография |
Нет доступных экземпляров.